Water Resources Engineering (Pb) (Record no. 535088)
[ view plain ]
| 000 -LEADER | |
|---|---|
| fixed length control field | 00252nam a2200109Ia 4500 |
| 008 - FIXED-LENGTH DATA ELEMENTS--GENERAL INFORMATION | |
| fixed length control field | 200828s9999 xx 000 0 und d |
| 040 ## - CATALOGING SOURCE | |
| Transcribing agency | DLC |
| 082 ## - DEWEY DECIMAL CLASSIFICATION NUMBER | |
| Classification number | 0 |
| 245 ## - TITLE STATEMENT | |
| Title | Water Resources Engineering (Pb) |
| 245 ## - TITLE STATEMENT | |
| Statement of responsibility, etc. | S.R. Sahasrabudhe |
| 942 ## - ADDED ENTRY ELEMENTS (KOHA) | |
| Koha item type | |
| Withdrawn status | Lost status | Damaged status | Not for loan | Date acquired | Total Checkouts | Date last seen | Price effective from | Koha item type |
|---|---|---|---|---|---|---|---|---|
| 08/28/2020 | 08/28/2020 | 08/28/2020 |
